|
|
|
|
| LEADER |
00000nam0a2200000 4500 |
| 001 |
138636 |
| 005 |
20231031141516.0 |
| 020 |
|
|
|a RU
|b 88-87449
|
| 035 |
|
|
|a (RuTPU)RU\TPU\book\150213
|
| 090 |
|
|
|a 138636
|
| 100 |
|
|
|a 20080528d1988 m a0rusy5003 ca
|
| 101 |
0 |
|
|a rus
|
| 102 |
|
|
|a RU
|
| 105 |
|
|
|a a z 000ay
|
| 200 |
1 |
|
|a Петля тайги
|f Б. А. Жиденков
|g худож. В. Г. Убираев
|
| 210 |
|
|
|a Владивосток
|c Дальневосточное книжное изд-во
|d 1988
|
| 215 |
|
|
|a 374,[1] с., [7] л. цв. ил.
|c ил.
|
| 300 |
|
|
|a Вложена с 2 другими книгами в обертку с загл.: Заветный край.
|
| 333 |
|
|
|a Исключено из фонда НТБ ТПУ
|
| 700 |
|
1 |
|a Жиденков
|b Б. А.
|g Борис Андреевич
|
| 702 |
|
1 |
|a Убираев
|b В. Г.
|4 440
|
| 801 |
|
0 |
|a RU
|b RuMRKP
|c 19950417
|g psbo
|
| 801 |
|
1 |
|a RU
|b 63413507
|c 20080528
|g PSBO
|
| 801 |
|
2 |
|a RU
|b 63413507
|c 20220513
|g PSBO
|
| 942 |
|
|
|c BK
|